|
|
|
|
| LEADER |
01003nam a2200229 a 4500 |
| 001 |
00004623 |
| 008 |
110411s1991 ph a b 000 0 eng |
| 040 |
|
|
|a BD-DhAAL
|c BD-DhAAL
|
| 082 |
0 |
0 |
|a 362.5/7/095
|2 20
|
| 999 |
|
|
|c 10691
|d 10691
|
| 999 |
|
|
|c 10691
|
| 245 |
1 |
4 |
|a The management of NGOs :
|b case studies of Asian Non-Governmental Organizations /
|c edited by Jose Ibarra A. Angeles.
|
| 260 |
|
|
|a Manila :
|b APPROTEC Asia,
|c 1991.
|
| 300 |
|
|
|a vi,184 p. :
|b ill. ;
|c 24 cm.
|
| 500 |
|
|
|a Case studies developed by Ernesto D. Garilao,Salehuddin Ahmed and Juan Miguel Luz.
|
| 504 |
|
|
|a Includes bibliographical references.
|
| 541 |
1 |
|
|e 00004623
|
| 650 |
|
0 |
|a Non-governmental organizations
|z Asia
|v Case studies.
|9 1128
|
| 700 |
1 |
|
|a Angeles, Jose Ibarra A.
|9 1129
|
| 852 |
4 |
|
|a Ayesha Abed Library
|j General shelf
|
| 942 |
|
|
|2 ddc
|c BK
|
| 952 |
|
|
|0 0
|1 0
|2 ddc
|4 0
|6 362_570950000000000_MAN
|7 0
|9 16070
|a BRACUL
|b BRACUL
|c GEN
|d 2011-04-12
|g 0.00
|l 0
|o 362.57095 MAN
|p 3010004623
|r 2011-04-12
|t 1
|w 2011-04-12
|y BK
|z Not price in Register
|